Statistics for Tidligere kolonier og imperier

Click here to take the quiz!

General Stats

  • This quiz has been taken 590 times
    (524 since last reset)
  • The average score is 15 of 22

Answer Stats

KoloniKolonimakt% Correct
USA (frem til 1776), Canada, Australia, New ZealandStorbritannia
93%
India (inkl. Pakistan og Bangladesh)Storbritannia
89%
Brasil (frem til 1822)Portugal
86%
Mexico, Peru, Argentina (frem til ca. 1820)Spania
86%
KongoBelgia
77%
Haiti (frem til 1804)Frankrike
74%
Rhodesia (Zimbabwe og Zambia)Storbritannia
69%
Indokina (inkl. Vietnam, Laos og Kambodsja)Frankrike
66%
Sør-Afrika før 1795Nederland
66%
Hongkong (en kinesisk by)Storbritannia
66%
Malaysia og SingaporeStorbritannia
65%
EgyptStorbritannia
65%
Algerie, Tunisia, MarokkoFrankrike
64%
IndonesiaNederland
64%
Nigeria, Kenya, UgandaStorbritannia
64%
Filippinene før 1898Spania
63%
Sør-Afrika etter 1795Storbritannia
61%
Angola og MosambikPortugal
59%
Libya (fra 1911-43)Italia
52%
Macau (en kinesisk by i nærheten av Hongkong)Portugal
49%
Namibia (frem til 1915)Tyskland
49%
Filippinene etter 1898USA
47%

Score Distribution

Percentile by Number Answered

Percent of People with Each Score

Your Score History

You have not taken this quiz since the last reset